Course in electricals and electronics measurement and instru (Record no. 73972)

000 -LEADER
fixed length control field 00454nam a2200169Ia 4500
008 - FIXED-LENGTH DATA ELEMENTS--GENERAL INFORMATION
fixed length control field 220112s9999 xx 000 0 und d
080 ## - UNIVERSAL DECIMAL CLASSIFICATION NUMBER
Universal Decimal Classification number 621.38 SAW
100 ## - MAIN ENTRY--PERSONAL NAME
Personal name Sawhney, A K and others
245 #0 - TITLE STATEMENT
Title Course in electricals and electronics measurement and instru
260 ## - PUBLICATION, DISTRIBUTION, ETC.
Place of publication, distribution, etc. Dhanpat rai and co.
260 ## - PUBLICATION, DISTRIBUTION, ETC.
Name of publisher, distributor, etc. Delhi
260 ## - PUBLICATION, DISTRIBUTION, ETC.
Date of publication, distribution, etc. 1999
300 ## - PHYSICAL DESCRIPTION
Extent xviii,1542
300 ## - PHYSICAL DESCRIPTION
Other physical details 200
650 ## - SUBJECT ADDED ENTRY--TOPICAL TERM
Topical term or geographic name entry element INSTRUMENT AND MEASURMENTATION
942 ## - ADDED ENTRY ELEMENTS (KOHA)
Koha item type

No items available.

Powered by Koha